| Tag |
First Indicator |
Second Indicator |
Subfields |
| LEADER |
00000cam a2200000u 4500 |
| 001 |
in00001051069 |
| 005 |
20150929083041.0 |
| 008 |
910419r19901968fr 000 0 fre d |
| 015 |
|
|
|a F***
|
| 035 |
|
|
|a (OCoLC)24597460
|
| 035 |
|
|
|9 AFJ8634AM
|
| 040 |
|
|
|a CGU
|c CGU
|d m.c.
|d UtOrBLW
|
| 049 |
|
|
|a TXAM
|
| 090 |
|
|
|a PQ2601.R2
|b Z55 1990
|
| 100 |
1 |
|
|a Arban, Dominique.
|
| 245 |
1 |
0 |
|a Aragon parle avec Dominique Arban.
|
| 264 |
|
1 |
|a Paris :
|b Seghers,
|c 1990
|
| 264 |
|
4 |
|c ©1968
|
| 300 |
|
|
|a 187 pages ;
|c 20 cm.
|
| 336 |
|
|
|a text
|b txt
|2 rdacontent
|
| 337 |
|
|
|a unmediated
|b n
|2 rdamedia
|
| 338 |
|
|
|a volume
|b nc
|2 rdacarrier
|
| 600 |
1 |
0 |
|a Aragon,
|d 1897-1982.
|
| 700 |
1 |
2 |
|a Aragon,
|d 1897-1982.
|
| 999 |
|
|
|a MARS
|
| 999 |
f |
f |
|s c873e23d-2d68-34ce-bb27-85a0c0e93344
|i 7b20acbc-b288-37be-822f-96d04dfbc6b7
|t 0
|
| 952 |
f |
f |
|p ric
|a Texas A&M University
|b Rellis Campus
|c Joint Library Facility
|d Remote Storage
|t 0
|e PQ2601.R2 Z55 1990
|h Library of Congress classification
|i unmediated -- volume
|m A14815716249
|
| 998 |
f |
f |
|a PQ2601.R2 Z55 1990
|t 0
|l Remote Storage
|